| 000 | 00516nam a2200169Ia 4500 | ||
|---|---|---|---|
| 999 |
_c35241 _d35241 |
||
| 003 | OSt | ||
| 005 | 20201217113133.0 | ||
| 008 | 190216s9999||||xx |||||||||||||| ||und|| | ||
| 040 | _coclc | ||
| 082 |
_a491.43 _bVIR/C |
||
| 100 |
_aVira, Raghu _97621 |
||
| 245 | 0 |
_aA Comprehensive English - Hindi Dictionary / _cRaghu Vira |
|
| 260 |
_bInternational Academy Of Indian Culture, _c1969. |
||
| 300 | _a1572p | ||
| 650 | _aDictionary Of Hindi | ||
| 942 |
_cREF _2ddc _h491.43 _iVIR/C _k491.43 _mVIR/C |
||